Statistics for 埼玉高速鉄道線駅クイズ

Click here to take the quiz!

General Stats

  • This quiz has been taken 31 times
  • The average score is 6 of 8

Answer Stats

駅番号% Correct
SR-26浦和美園駅
100%
SR-22鳩ヶ谷駅
96%
SR-19赤羽岩淵駅
89%
SR-25東川口駅
81%
SR-21南鳩ヶ谷駅
67%
SR-24戸塚安行駅
59%
SR-23新井宿駅
56%
SR-20川口元郷駅
52%

Score Distribution

Percentile by Number Answered

Percent of People with Each Score

Your Score History

You have not taken this quiz